[Event "Ch Commonwealth"]
[Site "masterchessopen.com Mumbai (India)"]
[Round "4"]
[White "Mohota Nisha (IND)"]
[Black "Vijayalakshmi Subbaraman (IND)"]
[Result "0-1"]
[WhiteElo "2286"]
[BlackElo "2411"]

1.d4 Nf6 2.c4 e6 3.Nc3 Bb4 4.e3 Nc6 5.Ne2 d5 6.a3 Be7 7.cxd5 exd5 8.Nf4 Nb8
9.Bd3 c6 10.O-O O-O 11.Nh5 Nxh5 12.Qxh5 g6 13.Qe2 Nd7 14.b4 a6 15.Na4 Re8
16.Nc5 Bf6 17.Bb2 Bg7 18.Qc2 Qe7 19.Rfe1 Nxc5 20.dxc5 Bd7 21.Bxg7 Kxg7 22.Qc3+
Qf6 23.Qxf6+ Kxf6 24.e4 dxe4 25.Bxe4 Rad8 26.f3 Be6 27.Rad1 Bb3 28.Rxd8 Rxd8
29.Kf2 Rd2+ 30.Re2 Rd1 31.Re3 Bc4 32.Rc3 Bb5 33.f4 Rd2+ 34.Ke3 Re2+ 35.Kf3 Re1
36.Bd3 Ra1 37.Bxb5 axb5 38.Re3 Ra2 39.h4 h5 40.g4 hxg4+ 41.Kxg4 Rd2 42.Kf3 Rd4
43.Kg4 Rd5 44.Rc3 Kg7 45.Re3 Kh6 46.Rc3 f5+ 47.Kg3 Rd1 48.Re3 Ra1 49.Kg2 Ra2+
50.Kh3 Rf2 51.Kg3 Rd2 52.Kh3 Rd4 53.Re7 Rxf4 54.Rxb7 Rf3+ 55.Kg2 Rxa3 56.Rb6
Rb3 57.Rxc6 Rxb4 58.Rc8 Kh7 59.Kg3 Rg4+ 60.Kh3 Rc4 61.c6 Rc3+ 62.Kg2 b4 63.Rb8
Rxc6 64.Rxb4 Kh6 65.Ra4 Kh5 66.Kf3 Rc3+ 67.Kg2 Re3 68.Ra6 Re4 69.Kg3 Rg4+
70.Kf3 Rxh4 71.Ra5 Rh3+ 72.Kf4 Rb3 73.Rc5 Rb4+ 74.Kf3 Kg5 75.Rc6 Rb3+ 76.Kg2
f4 77.Ra6 Kf5 78.Kf2 g5 79.Ra5+ Kg4 80.Ra4 Rb2+ 81.Kf1 Kg3 82.Ra1 f3 83.Kg1
Rg2+ 84.Kf1 Rh2 {#R} 0-1

[Event "Ch Croatia"]
[Site "masterchessopen.com Porec (Croatia)"]
[Round "0"]
[White "Bender Ivan (CRO)"]
[Black "Lazovic Gordan (CRO)"]
[Result "0-1"]
[WhiteElo "2263"]
[BlackElo "2305"]

1.d4 Nf6 2.c4 e6 3.Nc3 Bb4 4.e3 Nc6 5.Bd3 e5 6.Ne2 d5 7.O-O exd4 8.exd4 dxc4
9.Bxc4 O-O 10.Bg5 Be7 11.Qd2 Nd5 12.Bxe7 Ncxe7 13.Nxd5 Nxd5 14.Bxd5 Qxd5
15.Nc3 Qd6 16.d5 Bf5 17.Rac1 Qd7 18.Qf4 Rac8 19.Rfd1 Rfe8 20.Rd2 Bg6 21.h3 h6
22.Qb4 b6 23.a4 Re5 24.Qd4 Rce8 25.Rdd1 Rg5 26.f4 Rg3 27.Kf2 Rge3 28.Qxe3 Rxe3
29.Kxe3 Qe7+ 30.Kf3 Qb4 31.Rd2 h5 32.g4 f5 33.g5 h4 34.Ke3 Be8 35.Re1 a6
36.Ree2 Bh5 37.Rf2 Qe7+ 38.Kd3 Qc5 39.Rf1 b5 40.axb5 axb5 41.b3 b4 42.Na4 Qb5+
{#R} 0-1

[Event "Ch Czechoslovakia (open)"]
[Site "masterchessopen.com Harrachov (Czech Republic)"]
[Round "1"]
[White "Kavalek Lubomir (USA)"]
[Black "Novak Ivan (SVK)"]
[Result "1-0"]
[WhiteElo "2527"]
[BlackElo "2187"]

1.d4 Nf6 2.c4 e6 3.Nc3 Bb4 4.e3 Nc6 5.Bd2 d5 6.Nf3 Qe7 7.a3 Bxc3 8.Bxc3 Ne4
9.Qb3 Nxc3 10.Qxc3 O-O 11.b4 a6 12.Bd3 Re8 13.Qc2 h6 14.O-O Bd7 15.b5 axb5
16.cxb5 Na5 17.Ne5 Rec8 18.Rfc1 Be8 19.a4 c6 20.Rab1 f6 21.Nf3 Nc4 22.bxc6
Rxc6 23.Qd1 Na3 24.Ra1 Rxa4 25.e4 Rxc1 26.Qxc1 Bc6 27.exd5 exd5 28.Qf4 Ra8
29.Qf5 g5 30.h4 Qf7 31.hxg5 hxg5 32.Qh3 Bd7 33.Qg3 b5 34.Qd6 Qe6 35.Qc5 g4
36.Nh4 g3 37.fxg3 Qe3+ 38.Kh2 Qxd3 39.Qxd5+ {#r} 1-0

[Event "Ch Czechoslovakia (open)"]
[Site "masterchessopen.com Harrachov (Czech Republic)"]
[Round "14"]
[White "Taimanov Mark E (RUS)"]
[Black "Novak Ivan (SVK)"]
[Result "1-0"]
[WhiteElo "2386"]
[BlackElo "2187"]

1.d4 Nf6 2.c4 e6 3.Nc3 Bb4 4.e3 Nc6 5.Ne2 d5 6.a3 Bf8 7.Ng1 dxc4 8.Bxc4 Bd6
9.f4 O-O 10.Nf3 b6 11.e4 Be7 12.e5 Nd5 13.Nxd5 exd5 14.Bd3 Bg4 15.Be3 Qd7
16.Rc1 Na5 17.h3 Bf5 18.Bxf5 Qxf5 19.Rxc7 Nc4 20.Bc1 Bd8 21.Rc6 Qd7 22.Rxc4
dxc4 23.d5 b5 24.O-O Bb6+ 25.Kh2 f6 26.d6 Qe6 27.Re1 Rad8 28.a4 a6 29.axb5
axb5 30.Be3 Ba5 31.Bd2 Bxd2 32.Qxd2 fxe5 33.fxe5 h6 34.Qd4 Rb8 35.Qe4 Rxf3
36.gxf3 b4 37.Rc1 Rc8 38.f4 c3 39.bxc3 Rc4 40.f5 {#r} 1-0

[Event "Ch Denmark"]
[Site "masterchessopen.com Copenhagen (Denmark)"]
[Round "0"]
[White "Andersen Borge (DEN)"]
[Black "Ingerslev Aage (DEN)"]
[Result "0-1"]
[WhiteElo "2385"]
[BlackElo "2230"]

1.d4 Nf6 2.c4 e6 3.Nc3 Bb4 4.e3 Nc6 5.Nf3 d6 6.Qc2 O-O 7.a3 Bxc3+ 8.Qxc3 Qe7
9.Be2 e5 10.O-O Bg4 11.Re1 a5 12.b3 e4 13.Nd2 Bxe2 14.Rxe2 d5 15.Bb2 Rfe8
16.Rc1 Qd7 17.Qc2 Qe6 18.Nb1 Ne7 19.Nc3 Rad8 20.Na4 b6 21.Nc3 Kh8 22.c5 Nf5
23.Nb5 Rc8 24.a4 Nh4 25.h3 g5 26.Qd1 g4 27.cxb6 gxh3 28.g3 Nf3+ 29.Kh1 Qg4
30.b7 Rcd8 31.Rec2 Nh5 32.Nxc7 Rg8 33.b8=Q Qxg3 34.fxg3 Nxg3# 0-1

[Event "Ch England (team) 1996/97"]
[Site "masterchessopen.com England"]
[Round "1"]
[White "Giddins Stephen (ENG)"]
[Black "Webb Laurence (ENG)"]
[Result "1-0"]
[WhiteElo "2345"]
[BlackElo "2295"]

1.d4 Nf6 2.c4 e6 3.Nc3 Bb4 4.e3 Nc6 5.Bd3 e5 6.Ne2 d5 7.cxd5 Nxd5 8.e4 Nxc3
9.bxc3 Bd6 10.O-O O-O 11.Be3 f5 12.exf5 exd4 13.cxd4 Ne7 14.f6 Rxf6 15.Bg5 Rf8
16.Qb3+ Kh8 17.Rfe1 c6 18.g3 Qa5 19.Bf4 Qc7 20.Rac1 Bf5 21.Bxf5 Nxf5 22.d5
Rae8 23.Qc4 Qa5 24.Red1 cxd5 25.Rxd5 Qb6 26.Rb5 Qa6 27.Rxf5 Rxf5 28.Qxa6 bxa6
29.Bxd6 Rd5 30.Bf4 h6 31.Be3 Ra5 32.Rc2 Re7 33.h4 Rd7 34.Nf4 Kg8 35.h5 Rd1+
36.Kg2 Ra1 37.Rc7 R1xa2 38.Bd4 Rg5 39.Ng6 {#r} 1-0

[Event "Ch England (team) 1996/97"]
[Site "masterchessopen.com Wigan (England)"]
[Round "7"]
[White "Levitt Jonathan (ENG)"]
[Black "Baker Chris W (ENG)"]
[Result "1-0"]
[WhiteElo "2440"]
[BlackElo "2295"]

1.d4 Nf6 2.c4 e6 3.Nc3 Bb4 4.e3 Nc6 5.Ne2 d5 6.a3 Bf8 7.Ng3 g6 8.b4 Bg7 9.Bb2
O-O 10.Rc1 Re8 11.Be2 h5 12.O-O h4 13.Nh1 Ne7 14.Qb3 Nf5 15.Rfe1 c6 16.Bf1 Bh6
17.Rcd1 Qc7 18.e4 dxe4 19.Nxe4 Nxe4 20.Rxe4 Bd7 21.Qc3 Bg7 22.Bc1 c5 23.bxc5
Ba4 24.Rd3 Rad8 25.Bg5 Rd7 26.Qd2 Rc8 27.Bxh4 b6 28.d5 exd5 29.cxd5 Bb5 30.c6
Rd6 31.Bg5 Bxd3 32.Qxd3 Rcd8 33.Bxd8 Qxd8 34.Ng3 Rxd5 35.Re8+ Qxe8 36.Qxd5 Nd4
37.c7 Nc6 38.Bc4 Ne7 39.Qd8 Kf8 40.Bb5 {#r} 1-0

[Event "Ch England (team) 1998/99"]
[Site "masterchessopen.com England"]
[Round "8"]
[White "Levitt Jonathan (ENG)"]
[Black "Lehtivaara Petri (FIN)"]
[Result "1-0"]
[WhiteElo "2433"]
[BlackElo "2336"]

1.d4 Nf6 2.c4 e6 3.Nc3 Bb4 4.e3 Nc6 5.Ne2 d5 6.a3 Bf8 7.cxd5 exd5 8.Nf4 Ne7
9.Bd3 c6 10.O-O g6 11.b4 Bg7 12.a4 O-O 13.Ba3 Re8 14.b5 Nf5 15.bxc6 bxc6
16.Rc1 Bd7 17.Na2 Ne4 18.Nb4 Qf6 19.Na6 Nxf2 20.Rxf2 Nxe3 21.Qf3 Ng4 22.Ne2
Nxf2 23.Qxf6 Bxf6 24.Kxf2 Rac8 25.Rb1 c5 26.Bxc5 Bxa4 27.Nb4 Rcd8 28.Nc3 Bd7
29.Nbxd5 Bg5 30.Bc4 Bc6 31.Ra1 Bxd5 32.Nxd5 h5 33.Rxa7 h4 34.Nf6+ Bxf6
35.Bxf7+ Kh8 36.Bxe8 Rxe8 37.Rf7 Bg7 38.Rf4 g5 39.Rf5 h3 40.gxh3 Re4 41.d5 Rc4
42.Be7 Bd4+ 43.Kg3 Kh7 44.d6 {#r} 1-0

[Event "Ch Europe (blitz) (w)"]
[Site "masterchessopen.com Antalya (Turkey)"]
[Round "12"]
[White "Javakhishvili Lela (GEO)"]
[Black "Matnadze Ana (GEO)"]
[Result "0-1"]
[WhiteElo "2300"]
[BlackElo "2392"]

1.d4 Nf6 2.c4 e6 3.Nc3 Bb4 4.e3 Nc6 5.Bd3 e5 6.Ne2 d5 7.cxd5 Nxd5 8.e4 Nb6
9.d5 Ne7 10.O-O O-O 11.a3 Bd6 12.Be3 f5 13.f3 Bd7 14.Rc1 a6 15.b4 Qe8 16.Qe1
fxe4 17.fxe4 Qg6 18.Ng3 Kh8 19.Bc5 Nbxd5 20.Nxd5 Nxd5 21.Bxd6 cxd6 22.exd5
Qxd3 23.Rc7 Bb5 24.a4 Qd4+ 25.Rf2 Bxa4 26.Nh5 Bb5 27.h3 g6 28.Ng3 Rf4 29.Ne2
Bxe2 30.Qxe2 Qb6 31.Rc5 Rxb4 32.Rc2 Rf8 33.Qg4 Rxg4 {#R} 0-1

[Event "Ch Europe (blitz) (w)"]
[Site "masterchessopen.com Antalya (Turkey)"]
[Round "1"]
[White "Ushenina Anna (UKR)"]
[Black "Matnadze Ana (GEO)"]
[Result "0-1"]
[WhiteElo "2291"]
[BlackElo "2392"]

1.d4 Nf6 2.c4 e6 3.Nc3 Bb4 4.e3 Nc6 5.Ne2 d5 6.a3 Be7 7.cxd5 exd5 8.g3 Nb8
9.Bg2 c6 10.O-O a5 11.Nf4 Bf5 12.Nd3 Nbd7 13.f3 Nf8 14.Nf2 Ne6 15.e4 dxe4
16.fxe4 Bg6 17.d5 cxd5 18.exd5 Nc5 19.Bf4 Nh5 20.Be5 Bf6 21.Bxf6 Nxf6 22.Re1+
Kf8 23.d6 h5 24.h3 Kg8 25.Rc1 Qb6 26.Qd4 Ncd7 27.Qxf6 Nxf6 28.Bxb7 Rb8 29.Bc6
Kh7 30.Ne4 Rhd8 31.Red1 Bf5 32.Ng5+ Kg6 33.h4 Qxc6 34.Rxc6 Rb3 35.Rd2 Rd7
36.Kg2 Bc2 37.Nf3 Be4 38.Kg1 Rxb2 39.Nd4 Rb3 40.Nb5 Rxa3 41.Rd3 Rxd3 42.Nc7 a4
43.Nb5 Bxc6 44.Na3 Be4 45.Kf1 {#R} 0-1

[Event "Ch Europe (juniors)"]
[Site "masterchessopen.com Groningen (Netherlands)"]
[Round "4"]
[White "Brionne Thierry (FRA)"]
[Black "Feistenauer Fred (AUT)"]
[Result "0-1"]
[WhiteElo "2112"]
[BlackElo "2254"]

1.d4 Nf6 2.c4 e6 3.Nc3 Bb4 4.e3 Nc6 5.Bd3 e5 6.Ne2 d5 7.cxd5 Nxd5 8.O-O exd4
9.exd4 O-O 10.Qc2 h6 11.a3 Be7 12.Rd1 Be6 13.Nxd5 Bxd5 14.Nf4 Bf6 15.Nxd5 Qxd5
16.Be4 Nxd4 17.Qd3 Qe6 18.Rb1 Rad8 19.Bf4 Qg4 {#R} 0-1

[Event "Ch Europe (juniors)"]
[Site "masterchessopen.com Groningen (Netherlands)"]
[Round "13"]
[White "Kekki Petri (FIN)"]
[Black "Zysk Robert (GER)"]
[Result "0-1"]
[WhiteElo "2335"]
[BlackElo "2424"]

1.d4 Nf6 2.c4 e6 3.Nc3 Bb4 4.e3 Nc6 5.Ne2 d5 6.a3 Be7 7.Ng3 h5 8.cxd5 exd5
9.Bd3 h4 10.Nge2 h3 11.g3 Bg4 12.Qb3 Bf3 13.O-O Rb8 14.Nb1 Ne4 15.Nec3 Nxc3
16.bxc3 O-O 17.Nd2 Bg2 18.Re1 Na5 19.Qd1 Bg5 20.Qg4 Bh6 21.Bf1 Bxf1 22.Rxf1
Qc8 23.Qh5 Qe6 24.g4 Rbe8 25.Re1 Qg6 26.Qxg6 fxg6 27.Rb1 Nc4 28.Nxc4 dxc4
29.Bd2 Re4 30.f4 g5 31.Kf2 gxf4 32.Kf3 fxe3+ 33.Kxe4 exd2 34.Rf1 Re8+ 35.Kd5
Re2 36.Rh1 Bf4 37.Rbd1 g5 38.Kxc4 Rg2 39.Kd5 Rxg4 40.Ke6 Rg2 41.Kf5 Kf7 42.c4
Ke7 43.c5 b6 44.cxb6 axb6 45.a4 Bxh2 46.Ke4 g4 47.Ke3 Bd6 48.Rxd2 Bf4+ 49.Kxf4
Rxd2 50.Kxg4 Rxd4+ 51.Kxh3 Rxa4 52.Kg3 Rd4 53.Kf3 c5 54.Rh6 Rd6 55.Rh7+ Ke6
56.Ke3 Kd5 57.Kd3 Kc6+ 58.Kc3 b5 59.Rh8 b4+ 60.Kb3 Rd3+ 61.Kc2 Rc3+ 62.Kb2 Kb5
63.Rb8+ Kc4 64.Rh8 Rd3 65.Rh4+ Rd4 66.Rh8 Rd2+ 67.Kc1 Rg2 {#R} 0-1

[Event "Ch Europe (juniors) (under 20) (g)"]
[Site "masterchessopen.com Patras (Greece)"]
[Round "7"]
[White "Motoc Alina (ROM)"]
[Black "Matnadze Ana (GEO)"]
[Result "0-1"]
[WhiteElo "2223"]
[BlackElo "2342"]

1.d4 Nf6 2.c4 e6 3.Nc3 Bb4 4.e3 Nc6 5.Ne2 d5 6.a3 Be7 7.Nf4 dxc4 8.Bxc4 e5
9.Nh5 exd4 10.exd4 O-O 11.Be3 Ng4 12.O-O Bd6 13.g3 Bd7 14.Ne4 Qe7 15.Qf3 Rae8
16.Bd5 Nxe3 17.fxe3 Kh8 18.Nhf6 gxf6 19.Nxf6 Rg8 20.Qh5 Rg7 21.Be4 Bg4 22.Qh6
Qxe4 23.Nxe4 Rxe4 24.Qf6 Be7 25.Qf2 Bg5 26.Rfe1 f5 27.Kg2 Rge7 28.h3 Bxe3
29.Qf1 Bh5 30.Qxf5 Bf7 31.Rad1 Kg7 32.Qxe4 Rxe4 33.Kf3 Re7 34.Rxe3 Rd7 35.Red3
Ne7 36.g4 Nd5 37.Re1 c6 38.Kg3 a5 39.h4 a4 40.Rf3 Nc7 41.Rfe3 Kf8 42.Re4 b5
43.g5 Ne8 44.Rf4 Ng7 45.Kg4 Kg8 46.Re5 Ne6 47.Rfe4 Nxd4 48.h5 Bb3 49.Re1 Bd5
50.g6 hxg6 51.hxg6 Kg7 52.Kh5 Kf6 53.Re8 Bf3+ 54.Kh4 Kxg6 55.Kg3 Bd5 56.Rf1
Bc4 57.Rf2 Nf5+ 58.Kf4 Ng7 59.Rg2+ Kf7 60.Rh8 Ne6+ 61.Ke5 Rd5+ 62.Ke4 Ke7
63.Rh7+ Kd6 64.Rh6 Re5+ {#R} 0-1

[Event "Ch Europe (team)"]
[Site "masterchessopen.com Debrecen (Hungary)"]
[Round "0"]
[White "Aleksandrov Aleksej (BLR)"]
[Black "Gostisa Leon (SLO)"]
[Result "1-0"]
[WhiteElo "2505"]
[BlackElo "2410"]

1.d4 Nf6 2.c4 e6 3.Nc3 Bb4 4.e3 Nc6 5.Bd3 e5 6.Ne2 d5 7.O-O dxc4 8.Bxc4 O-O
9.a3 exd4 10.Nxd4 Nxd4 11.axb4 Be6 12.b3 Nf5 13.e4 Ne7 14.Bg5 Ng6 15.b5 Ne5
16.Bxe6 fxe6 17.Qxd8 Rfxd8 18.Rfd1 Rd3 19.Rxd3 Nxd3 20.Be3 a6 21.h3 Nb4 22.Ra4
a5 23.Bc5 Nd3 24.Ba3 c5 25.bxc6 bxc6 26.b4 Nd7 27.Rxa5 Rb8 28.Ra7 N7e5 29.b5
cxb5 30.Bd6 Rb6 31.Bc7 Rc6 32.Nxb5 h5 33.Nd4 Rc1+ 34.Kh2 Nc6 35.Nxc6 Rxc6
36.Bg3 g5 37.Ra3 Nc5 38.Rc3 Kf7 39.f4 gxf4 40.Bxf4 Ke7 41.Be3 Kd6 42.Rxc5 {#r}
1-0

[Event "Ch Europe (w)"]
[Site "masterchessopen.com St. Petersburg (Russia)"]
[Date "2009.03.09"]
[Round "2"]
[White "Botsari Anna-Maria (GRE)"]
[Black "Kovalevskaya Ekaterina (RUS)"]
[Result "0-1"]
[WhiteElo "2298"]
[BlackElo "2437"]

1.d4 Nf6 2.c4 e6 3.Nc3 Bb4 4.e3 Nc6 5.Ne2 d5 6.a3 Bd6 7.Ng3 dxc4 8.Bxc4 e5
9.d5 Ne7 10.e4 h6 11.O-O O-O 12.h3 a6 13.Be3 Ng6 14.Nh5 Nh7 15.Re1 Ng5 16.Bf1
Nh4 17.f4 exf4 18.Nxf4 Qf6 19.Nd3 Bg3 20.Re2 Qg6 21.Bxg5 hxg5 22.Re3 Qb6
23.Qd2 Bf4 24.Re1 f5 25.e5 Bxe3+ 26.Qxe3 Qxe3+ 27.Rxe3 f4 28.Re4 Bf5 29.Rc4 f3
30.Nf2 fxg2 31.Bxg2 Nxg2 32.Kxg2 Rae8 33.Rxc7 Rxe5 34.Rxb7 Bc8 35.Rc7 Ree8
36.b4 Rf7 37.Rc4 Bb7 38.Rc5 Rd7 39.Ng4 Red8 40.Ne3 Re7 41.Nc4 Red7 42.Ne3 Rf7
43.Kg3 Rdf8 44.Ng4 Rf3+ 45.Kg2 Rd3 46.Ne5 Rd2+ 47.Kg3 Re8 48.Ng4 Rd3+ 49.Kf2
Rc8 50.Ne4 Rf8+ 51.Ke2 Rxd5 52.Nxg5 Rxc5 53.bxc5 Rc8 {#R} 0-1

[Event "Ch Euskadi"]
[Site "masterchessopen.com Subijana de Alava (Spain)"]
[Round "6"]
[White "Knorr Jose (ESP)"]
[Black "Varas Carlos (CHI)"]
[Result "1-0"]
[WhiteElo "2284"]
[BlackElo "2288"]

1.d4 Nf6 2.c4 e6 3.Nc3 Bb4 4.e3 Nc6 5.Bd3 e5 6.Ne2 d5 7.O-O dxc4 8.Bxc4 exd4
9.exd4 O-O 10.Bg5 Be7 11.h3 Nb4 12.a3 Nbd5 13.Qd3 Be6 14.Ng3 Qd7 15.Bb5 c6
16.Ba4 Nb6 17.Bc2 Bc4 18.Qf3 Bxf1 19.Rxf1 Nfd5 20.Qd3 g6 21.Bh6 Rfe8 22.Nce4
Rad8 23.Bb3 Nc7 24.Qf3 Nbd5 25.Nh5 Qf5 26.Qxf5 gxf5 27.Neg3 Nf6 28.Ng7 f4
29.N3f5 Ncd5 30.Re1 Bf8 31.Nxe8 Nxe8 32.Bxd5 Bxh6 33.Nxh6+ Kg7 34.Nf5+ Kf6
35.Be4 Nc7 36.Bc2 Ne6 37.Rd1 Rd5 38.Kf1 Rxf5 39.Bxf5 Kxf5 40.d5 cxd5 41.Rxd5+
Kf6 42.Rd7 Nc5 43.Rc7 b6 44.Rxa7 Ke6 45.b4 Nd7 46.Rb7 Kd6 47.Ke2 Kc6 48.Rxd7
Kxd7 49.a4 Kd6 50.Kd3 Kd5 51.f3 h6 52.Kc3 Kc6 53.Kd4 f5 54.Ke5 {#r} 1-0

[Event "Ch Finland"]
[Site "masterchessopen.com Helsinki (Finland)"]
[Round "0"]
[White "Norri Joose (FIN)"]
[Black "Pulkkinen Kari (FIN)"]
[Result "1-0"]
[WhiteElo "2375"]
[BlackElo "2263"]

1.d4 Nf6 2.c4 e6 3.Nc3 Bb4 4.e3 Nc6 5.Nf3 d5 6.a3 Bxc3+ 7.bxc3 O-O 8.Bd3 dxc4
9.Bxc4 e5 10.O-O e4 11.Nd2 b6 12.f3 Na5 13.Ba2 exf3 14.gxf3 c5 15.Rf2 Be6
16.Nf1 Bxa2 17.Raxa2 Nd5 18.Rac2 cxd4 19.cxd4 Qd7 20.e4 Ne7 21.Qd3 Rac8 22.Ne3
Rxc2 23.Rxc2 f5 24.Rg2 fxe4 25.fxe4 Ng6 26.Nf5 Rc8 27.Bg5 Nc6 28.h4 Kh8 29.Qe3
Nce7 30.h5 Nxf5 31.exf5 Re8 32.Qf2 Ne7 33.f6 Nf5 34.fxg7+ Kg8 35.Bf6 Qd5
36.Rg5 Qe4 37.Qxf5 Qe1+ 38.Qf1 Qc3 39.Be5 Qe3+ 40.Kh2 {#r} 1-0

[Event "Ch Finland"]
[Site "masterchessopen.com Helsinki (Finland)"]
[Date "2012.06.18"]
[Round "8"]
[White "Luukkonen Tommi (FIN)"]
[Black "Norri Joose (FIN)"]
[Result "1-0"]
[WhiteElo "2288"]
[BlackElo "2334"]

1.d4 Nf6 2.c4 e6 3.Nc3 Bb4 4.e3 Nc6 5.Ne2 d5 6.a3 Bf8 7.Nf4 dxc4 8.Bxc4 Bd6
9.Nd3 e5 10.d5 Ne7 11.e4 Ng6 12.h4 O-O 13.g3 Re8 14.h5 Nf8 15.h6 g6 16.Bg5 Be7
17.Qb3 Ng4 18.Bd2 Bg5 19.Bxg5 Qxg5 20.f4 Qf6 21.O-O-O exf4 22.gxf4 Qd4 23.Nb5
Qb6 24.Qc3 Nxh6 25.Rxh6 Rxe4 26.Ne5 Rxf4 27.Kb1 Bf5+ 28.Ka1 Re8 29.d6 Rxc4
30.Nxc4 Qxb5 31.dxc7 Rc8 32.Ne3 Be6 33.Rh4 Qc6 34.Qd2 Rxc7 35.Rd4 Nd7 36.Nd5
Nc5 37.Qc3 Bxd5 38.Rxd5 f6 39.Rd8+ {#r} 1-0

[Event "Ch Finland (team) 1993/94"]
[Site "masterchessopen.com Finland"]
[Round "3"]
[White "Paasikangas-T Johanna (FIN)"]
[Black "Lehtivaara Petri (FIN)"]
[Result "1-0"]
[WhiteElo "2238"]
[BlackElo "2342"]

1.d4 e6 2.c4 Nf6 3.Nc3 Bb4 4.e3 Nc6 5.Ne2 d5 6.a3 Bf8 7.Nf4 dxc4 8.Bxc4 e5
9.Nfd5 Nxd5 10.Bxd5 exd4 11.exd4 Bd6 12.O-O O-O 13.Kh1 Qh4 14.f4 Bg4 15.Qd3
Rad8 16.Be3 Qh5 17.Be4 Ne7 18.Bf3 Nf5 19.Bxg4 Qxg4 20.Bg1 Rfe8 21.Ne4 Re6
22.Nf2 Qxf4 23.Nh3 Ng3+ 24.hxg3 Qxg3 25.Qxg3 Bxg3 26.Rf3 Bh4 27.Rd1 Re2 28.b4
c6 29.Re3 Ra2 30.d5 cxd5 31.Rxd5 Rf8 32.Rd7 f5 33.Rxb7 f4 34.Rd3 h6 35.Rxa7
Re8 36.Rdd7 Bf6 37.Rd1 f3 38.gxf3 Re5 39.Nf2 Bh4 40.Ng4 Rh5 41.Bh2 Kh7 42.Rdd7
Rg5 43.Be5 {#r} 1-0

[Event "Ch Finland (team) 1996/97"]
[Site "masterchessopen.com Finland"]
[Round "9"]
[White "Norri Joose (FIN)"]
[Black "Lehtivaara Petri (FIN)"]
[Result "1-0"]
[WhiteElo "2430"]
[BlackElo "2370"]

1.d4 e6 2.c4 Nf6 3.Nc3 Bb4 4.e3 Nc6 5.Bd3 e5 6.Ne2 exd4 7.exd4 d5 8.O-O dxc4
9.Bxc4 O-O 10.Bg5 Be7 11.h3 Bf5 12.Re1 Qd7 13.Ng3 Rad8 14.d5 Nxd5 15.Qxd5 Qxd5
16.Bxd5 Bxg5 17.Nxf5 Nb4 18.Rad1 c6 19.Ne4 Bf4 20.Bb3 Nd3 21.Re2 Nc1 22.Ree1
Nd3 23.Rf1 Nxb2 24.Rxd8 Rxd8 25.Rb1 Nd3 26.Bc2 g6 27.Nf6+ Kh8 28.Rxb7 Ne5
29.Ne3 Rd2 30.Ne4 Rd4 31.Rxa7 Kg7 32.Kf1 Rb4 33.Nd6 Rb2 34.Nxf7 Nxf7 35.Bb3
Rxb3 36.axb3 h5 37.Ra6 Nd8 38.Ke2 Kf7 39.Kf3 Bc7 40.Ke4 Ke6 41.f4 Kd7 42.Nc4
Ne6 43.Ne5+ {#r} 1-0

[Event "Ch France (juniors) (under 14)"]
[Site "masterchessopen.com Troyes (France)"]
[Date "2010.04.17"]
[Round "8"]
[White "Kambrath Yannick (FRA)"]
[Black "Giroyan Gary (FRA)"]
[Result "0-1"]
[WhiteElo "2036"]
[BlackElo "2244"]

1.d4 Nf6 2.c4 e6 3.Nc3 Bb4 4.e3 Nc6 5.Ne2 e5 6.a3 Bxc3+ 7.Nxc3 d6 8.Be2 O-O
9.O-O exd4 10.exd4 d5 11.c5 h6 12.b4 Bf5 13.Bf4 Qd7 14.Rc1 Nd8 15.b5 c6 16.a4
Ne6 17.Be5 Ne4 18.Nxe4 Bxe4 19.Rc3 Rfe8 20.Rg3 Kh7 21.Bd3 f6 22.Bd6 Nxd4
23.Bxe4+ Rxe4 24.Re3 Nf5 25.Rxe4 dxe4 26.Qb1 Nxd6 27.Rd1 cxb5 28.Rxd6 Qf5
29.Qxb5 Rc8 30.Qxb7 Qxc5 31.Rd1 Qd4 32.Qb1 Qxa4 33.f3 f5 34.g4 Qc2 35.gxf5 e3
36.Qxc2 Rxc2 37.Re1 Rc5 38.Rxe3 Rxf5 39.Ra3 a5 40.Kf2 Kg6 41.Ra4 Kf6 42.h4 Ke6
43.Rd4 Rd5 44.Rg4 g5 45.hxg5 hxg5 46.f4 Rf5 47.Ke2 gxf4 48.Kf3 Kd5 49.Rg1 Kc4
50.Rb1 a4 51.Ke4 Ra5 52.Rc1+ Kb3 53.Kd3 Rd5+ 54.Ke4 Rd2 55.Rc8 a3 56.Kxf4 a2
57.Ra8 Rd1 58.Rb8+ Kc4 {#R} 0-1

[Event "Ch France (team) (nat.2) 2005/06"]
[Site "masterchessopen.com France"]
[Date "2005.11.20"]
[Round "3"]
[White "Daubas Bernard (FRA)"]
[Black "Timotic Nicolas (FRA)"]
[Result "0-1"]
[WhiteElo "1883"]
[BlackElo "2086"]

1.d4 Nf6 2.c4 e6 3.Nc3 Bb4 4.e3 Nc6 5.Bd3 Qe7 6.a3 Bxc3+ 7.bxc3 e5 8.a4 d6
9.a5 exd4 10.cxd4 Nxd4 11.Bxh7 Rxh7 12.Qxd4 c5 13.Qd3 Qe5 14.Ra2 Bf5 15.Qb3
Be4 16.f3 Bc6 17.Qb2 Qe6 18.Qc2 Rh4 19.e4 Nxe4 20.fxe4 Rxe4+ 21.Kd1 Re1+ {#R}
0-1

[Event "Ch France (team) 2005"]
[Site "masterchessopen.com France"]
[Date "2005.04.01"]
[Round "5"]
[White "Gurevich Mikhail (TUR)"]
[Black "Kogan Artur (ISR)"]
[Result "1-0"]
[WhiteElo "2652"]
[BlackElo "2574"]

{ Kogan Artur (ISR) +3 =3 -6 } 1.d4 Nf6 2.c4 e6 3.Nc3 Bb4 4.e3 Nc6 ( 4...d6
5.Bd3 Nbd7 6.Ne2 c6 7.O-O e5 8.a3 { 1/2-1/2, Manor Ilan 2496 - Kogan Artur
2504 , Israel 2000 Ch Israel (team) } ) 5.Ne2 d5 6.a3 Bd6 7.c5 ( 7.Ng3 a6
8.cxd5 exd5 9.Bd3 Ne7 10.Qc2 O-O 11.O-O Re8 12.Bd2 Ng6 13.Nce2 Bd7 14.Bb4 Bb5
15.Bxd6 Qxd6 16.Rac1 c6 17.Nc3 Bxd3 18.Qxd3 Ng4 19.Qf5 Nh6 20.Qh5 Qe6 21.Na4
f5 22.Nc5 Qf7 23.Ne2 Re7 24.Qg5 Rf8 25.b4 Qe8 26.a4 Rf6 { ...1-0, Graf
Alexander 2646 - Delgado Neuris 2554 , Merida 19.12.2004 Memorial C.Torre
(open) (1/2 final) } ) ( 7.cxd5 exd5 8.g3 Be6 9.Bg2 Qd7 10.h3 Ne7 11.b4 O-O
12.Nf4 Bxf4 13.exf4 Ne4 14.Nxe4 dxe4 15.Bxe4 Bd5 16.Bxd5 Nxd5 17.Kf1 {
1/2-1/2, Vaisser Anatoly 2581 - Kogan Artur 2590 , France 1. 2.2004 Ch France
(team) 2004 } ) ( 7.Qc2 dxc4 8.e4 e5 9.d5 Nd4 10.Nxd4 exd4 11.Nb5 O-O 12.Bg5
d3 13.Qxc4 d2+ 14.Bxd2 Nxe4 15.Be3 Re8 16.Nxd6 cxd6 17.Be2 Qf6 18.Qb5 Bf5
19.O-O Re7 20.Rac1 Qe5 21.Bf3 h6 22.Rfd1 Ng5 23.Be2 Rae8 24.Bf1 a6 25.Qb4 Qf6
26.Bxg5 hxg5 { ...0-1, Mann Gerald 2315 - Kogan Artur 2470 , Kecskemet 1994 It
} ) 7...Be7 { = } 8.b4 ( 8.f4 a5 9.Rb1 b6 10.b4 axb4 11.axb4 bxc5 12.bxc5 O-O
13.Ng3 Ba6 14.Bxa6 Rxa6 15.Qd3 Ra8 16.O-O Qd7 17.Bd2 Rfb8 18.Nb5 g6 19.Rb3 Na5
20.Bxa5 Rxa5 21.Rfb1 c6 22.Na3 Rxb3 23.Rxb3 Ra8 24.Nc2 Bd8 25.Rb4 Qa7 26.Ne2
Ne4 27.Nc1 Kf8 { ...1/2-1/2, Milov Vadim 2592 - Rashkovsky Nukhim N 2510 ,
Moscow 2002 It (open) "Aeroflot" } ) ( 8.Ng3 h5 9.Bb5 h4 10.Bxc6+ bxc6 11.Nge2
h3 12.g3 e5 13.dxe5 Nd7 14.f4 Bxc5 15.Nd4 Bb7 16.Qg4 g6 17.b4 Bb6 18.O-O Qe7
19.Na4 a5 20.Nxb6 cxb6 21.Bd2 Rc8 22.Rfc1 a4 23.Rc2 Rh6 24.Rac1 f5 25.Qd1 Nf8
26.Nxc6 Qd7 27.b5 Ne6 { ...1/2-1/2, Bagaturov Giorgi 2465 - Nikolaidis Ioannis
2540 , Ankara 1995 Zt } ) 8...e5 ( 8...O-O 9.f4 Nb8 10.g3 Ne8 11.Bg2 f5 12.Rb1
Nf6 13.O-O Bd7 14.Kh1 Be8 15.Ng1 Bh5 16.Bf3 Bxf3+ 17.Nxf3 a6 18.Ne5 Nc6 19.Bd2
Qe8 20.Qe2 Nxe5 21.dxe5 Ne4 22.Nxe4 dxe4 23.Bc3 Rd8 24.Bd4 Qb5 25.Qg2 h5
26.Qc2 Rd5 27.a4 Qd7 28.b5 { ...1/2-1/2, Zaitsev Alexander 2329 - Bronstein
David I 2432 , Dnepropetrovsk 1970 Cup URS } ) 9.Ng3 { N } ( 9.g3 exd4 10.exd4
Ne4 11.Bg2 Bf6 12.Be3 Nxc3 13.Nxc3 Be6 14.O-O O-O 15.h3 Qd7 16.Kh2 Rae8 17.Qd2
Ne7 18.g4 Bh4 19.f4 f5 20.g5 Ng6 21.Ne2 Bf7 22.Rac1 Re6 23.Ng1 { 1/2-1/2,
Skudnov Sergej 2370 - Schwartz Alexander, Podolsk 1990 Ch URS (club) } ) (
9.Bb2 exd4 10.exd4 O-O 11.g3 Re8 12.Bg2 Bf8 13.O-O Ne7 14.Nf4 Bf5 15.Re1 c6
16.Qd2 g6 17.Nd3 Bg7 18.Ne5 Qc8 19.Re2 Bh3 20.Bh1 Qc7 21.Rae1 h5 22.Bc1 Nf5
23.Qd3 Nd7 24.Bf4 Nxe5 25.Bxe5 Qd7 26.Bxg7 { 1/2-1/2, Neverov Valeriy 2569 -
Fedorchuk Sergey A 2485 , Kiev 2001 It (cat.11) } ) 9...h5 10.Bb5 h4 11.Nge2
e4 12.h3 Bf5 13.f3 { ?! } ( 13.Qb3 { !? } 13...a6 14.Ba4 Qd7 15.Nf4 { } )
13...Qd7 14.fxe4 Nxe4 15.Nxe4 Bxe4 16.O-O Rh6 { ?! } ( 16...Bf6 { !? } 17.Nc3
Bg6 18.Be2 Nd8 { } ) 17.Nc3 Rg6 { ? } ( 17...a6 18.Be2 Rf6 19.Bg4 Bf5 { } )
18.Nxe4 dxe4 19.Qh5 Bf6 { ?! } ( 19...O-O-O { !? } 20.Rxf7 Rh6 21.Qf5 Qxf5 { }
) 20.Qh8+ Ke7 21.Qxa8 Qxh3 22.Ra2 Qg3 23.Qxb7 Nxd4 24.Qxe4+ Be5 25.exd4 Qh2+ {
+9.00 CAP } 26.Kf2 { } {#r} 1-0